2011 MLB Postseason - Statistics

General Stats
  • This quiz has been taken 497 times
  • The average score is 7 of 8
Answers on the Map
Answers color-coded by a green-red scale on the quiz's map according to % correct below.
 
Answer Stats
Team % Correct
New York Yankees
96%
Texas Rangers
95%
St. Louis Cardinals
94%
Detroit Tigers
82%
Philadelphia Phillies
81%
Arizona Diamondbacks
78%
Tampa Bay Rays
78%
Milwaukee Brewers
76%
No matching quizzes found
Score Distribution
Percent of People with Each Score
Percentile by Number Answered
Your Score History
You have not taken this quiz